• 首页
  • 本馆介绍
  • 公告通知
  • 最新文献
  • 馆藏检索
  • 电子资源
  • 读者导购
  • 参考咨询
  • 我的图书馆
  • 登录
  • 详细信息显示
  • 放入我的书架
  • 预约/预借图书
  • 作者相关作品
  • 分类相关作品
  • 丛书相关作品
  • 出版社相关作品

书目信息

  • 表格格式
  • 工作单格式
  • 卡片格式
题名:
无线电技术基础资料汇编
    
 
作者: ;高等工业学校电工课程教材编审委员会 , 无线电技术基础课程教材编审小组 编
分册: 第一集  
出版信息: 北京   高等教育出版社  1965.02
页数: 413页
开本: 20cm
丛书名:
单 册:
中图分类: TN80
科图分类:
主题词: 电信设备
电子资源:
ISBN:
000 00800nam0 2200205 45
001 0310200964
005 20060425161805.37
010    @dCNY1.60
091    @aK15010.1152
100    @a20031020d1965 km y0chiy0120 ea
101 0  @achi
200 1  @a无线电技术基础资料汇编@h第一集@AWu Xian Dian Ji Shu Ji Chu Zi Liao Hui Bian@f高等工业学校电工课程教材编审委员会,无线电技术基础课程教材编审小组编@FGao Deng Gong Ye Xue Xiao Dian Gong Ke Cheng Jiao Cai Bian Shen Wei YuanHui,Wu Xian Dian Ji Shu Ji Chu Ke Cheng Jiao Cai Bian Shen Xiao Zu Bian
210    @a北京@c高等教育出版社@d1965.02
215    @a413页@d20cm
606 0  @a电信设备
690    @aTN80@v3
711 02 @a高等工业学校电工课程教材编审委员会@4编
711 02 @a无线电技术基础课程教材编审小组@4编
801    @aCN@bTSTC@c20060425
905    @dTN80@e7
    
    无线电技术基础资料汇编.第一集/高等工业学校电工课程教材编审委员会,无线电技术基础课程教材编审小组编.-北京:高等教育出版社,1965.02
    413页;20cm
    
    
    ISBN :CNY1.60
    
●
相关链接 在E读中查询图书 在五车中查询图书 在当当中查询图书 在豆瓣中查询图书


正题名:无线电技术基础资料汇编     索取号:TN80/7         预约/预借

序号 登录号 条形码 馆藏地/架位号 状态 备注
1 0016301   001679302   密集书库/ [索取号:TN80/7] 在馆    
2 0016302   202288069   密集书库/ [索取号:TN80/7] 在馆    
唐山师范学院图书馆 欢迎您!
大连网信软件有限公司© 版权所有